01422nam a2200349 a 4500001001200000003000800012006001900020007001500039008004100054010001700095020002500112020002700137040002100164035002100185050002300206082001700229100002900246245008500275260004900360300002400409490004700433504006500480533015200545650004900697650004200746650004700788655002900835710001700864830004800881856012600929999001701055ebr10671063CaPaEBRm u cr cn|||||||||100111s2010 nyuad sb 001 0 eng d z 2009052731 z9781608769773 (pbk.) z9781613242544 (e-book) aCaPaEBRcCaPaEBR a(OCoLC)73970378514aTP363b.K46 2010eb04a620.1/432221 aKhina, B. B.q(Boris B.)10aCombustion synthesis of advanced materialsh[electronic resource] /cB.B. Khina. aNew York :bNova Science Publishers,cc2010. axii, 110 p. :bill.1 aChemistry research and applications series aIncludes bibliographical references (p. [93]-103) and index. aElectronic reproduction.bPalo Alto, Calif. :cebrary,d2013.nAvailable via World Wide Web.nAccess may be limited to ebrary affiliated libraries. 0aSelf-propagating high-temperature synthesis. 0aRefractory materialsxHeat treatment. 0aRefractory materialsxMathematical models. 7aElectronic books.2local2 aebrary, Inc. 0aChemistry research and applications series.40uhttp://site.ebrary.com/lib/rucke/Doc?id=10671063zAn electronic book accessible through the World Wide Web; click to view c62257d62257